000 01293 a2200265 4500
003 Nust
005 20221028194950.0
010 _a 89034889
020 _a0070459177 (recycled paper)
040 _cNust
082 0 0 _a621.31,NAS
100 1 _aNasar, S. A.
_941147
245 1 0 _aSchaum's outline of theory and problems of electric power systems /
_cSyed A. Nasar.
246 3 0 _aElectric power systems
246 3 0 _aOutline of theory and problems of electric power systems
246 3 0 _aTheory and problems of electric power systems
260 _aNew York :
_bMcGraw-Hill,
_cc1990.
300 _a175 p. :
_bill. ;
_c28 cm.
490 0 _aSchaum's outline series
505 _aFundamentals of Electric Power Systems (Page-1), Power System Representation (Page-12), Transmission Line Parameters (Page-26), Transmission Line Calculations (Page-38), Underground Cables (Page-63), Fault Calculations (Page-74), General Methods for Network Cal ululations (Page-96) Power Flow Studies (Page-112), Power System Operation and Control (Page-130).
650 0 _aElectric power systems.
_918375
856 4 2 _3Publisher description
_uhttp://www.loc.gov/catdir/description/mh022/89034889.html
856 4 2 _3Table of contents
_uhttp://www.loc.gov/catdir/toc/mh021/89034889.html
942 _2ddc
_cBK
999 _c188892
_d188892